LOS DEBATES SOBRE LA LIBERTAD DE CREENCIAS /

Uloženo v:
Podrobná bibliografie
Hlavní autor: González Calzada, Manuel (autor)
Médium: Kniha
Edice:(Grandes Debates Legislativos ; 6)
Témata:
Tagy: Přidat tag
Žádné tagy, Buďte první, kdo vytvoří štítek k tomuto záznamu!

MARC

LEADER 00000nam^a2200000^a^4500
001 000235777
005 20250521000000.0
009 20260310104822.365
035 |a 053211 
037 |a Acervo Xavier Clavigero 
082 |a 342. 0852  |b GON 
100 |a González Calzada, Manuel  |e (autor) 
245 1 4 |a LOS DEBATES SOBRE LA LIBERTAD DE CREENCIAS /  |c MANUEL GONZALEZ CALZADA 
264 |a MEXICO :  |b CAMARA DE DIPUTADOS,  |c 1972 
300 |a 213 p. 
336 |a texto  |b txt  |2 rdacontenido 
337 |a sin mediación  |b n  |2 rdamedio 
338 |a volumen  |b nc  |2 rdasoporte 
440 |a (Grandes Debates Legislativos ;  |v 6) 
649 |a XX 
650 |a Libertad Religiosa 
650 |a Derecho Constitucional -  |z México (D.F.) 
910 |a Fondo General 
920 |a Impresos - Libros 
930 |a Colección General 
905 |a 101 
901 |a 053211  |b IT1  |c ACC  |i 053211  |u 20250521 
902 |a https://opac.biblio.iteso.mx/vufind/Record/000235777